Statistics for PSV Squads 10 Years

Click here to take the quiz!

General Stats

  • This quiz has been taken 85 times
  • The average score is 136 of 286

Answer Stats

Year#NameCountry% Correct
2020/217Eran ZahaviIsrael
90%
2021/227Eran ZahaviIsrael
90%
2021/225André RamalhoBrazil
88%
2021/226Ibrahim SangaréIvory Coast
88%
2020/216Ibrahim SangaréIvory Coast
88%
2017/1852Cody GakpoNetherlands
85%
2019/2019Cody GakpoNetherlands
85%
2020/2119Cody GakpoNetherlands
85%
2021/2211Cody GakpoNetherlands
85%
2018/1919Cody GakpoNetherlands
85%
2021/2227Mario GötzeGermany
85%
2020/2127Mario GötzeGermany
85%
2020/2131Philipp MaxGermany
85%
2021/2231Philipp MaxGermany
85%
2020/2133Jordan TezeNetherlands
81%
2019/2033Jordan TezeNetherlands
81%
2018/1933Jordan TezeNetherlands
81%
2021/223Jordan TezeNetherlands
81%
2018/1925Érick GutiérrezMexico
79%
2021/2215Érick GutiérrezMexico
79%
2019/2015Érick GutiérrezMexico
79%
2020/2115Érick GutiérrezMexico
79%
2014/151Jeroen ZoetNetherlands
79%
2013/1421Jeroen ZoetNetherlands
79%
2017/181Jeroen ZoetNetherlands
79%
2018/191Jeroen ZoetNetherlands
79%
2019/201Jeroen ZoetNetherlands
79%
2015/161Jeroen ZoetNetherlands
79%
2016/171Jeroen ZoetNetherlands
79%
2020/2123Noni MaduekeEngland
79%
2019/2056Noni MaduekeEngland
79%
2021/2210Noni MaduekeEngland
79%
2019/2028Olivier BoscagliFrance
79%
2021/2218Olivier BoscagliFrance
79%
2020/2128Olivier BoscagliFrance
79%
2021/2225Ritsu DoanJapan
79%
2019/2025Ritsu DoanJapan
79%
2015/169Luuk de JongNetherlands
77%
2014/159Luuk de JongNetherlands
77%
2017/189Luuk de JongNetherlands
77%
2018/199Luuk de JongNetherlands
77%
2016/179Luuk de JongNetherlands
77%
2021/22ManagerRoger SchmidtGermany
77%
2020/21ManagerRoger SchmidtGermany
77%
2021/2219BrumaPortugal
75%
2019/207BrumaPortugal
75%
2021/229Carlos ViníciusBrazil
75%
2015/165Jeffrey BrumaNetherlands
75%
2014/155Jeffrey BrumaNetherlands
75%
2013/145Jeffrey BrumaNetherlands
75%
2020/2114Marco van GinkelNetherlands
75%
2021/228Marco van GinkelNetherlands
75%
2016/1728Marco van GinkelNetherlands
75%
2017/1810Marco van GinkelNetherlands
75%
2015/1628Marco van GinkelNetherlands
75%
2016/1710Siem de JongNetherlands
75%
2017/1847Mauro JúniorBrazil
73%
2020/2117Mauro JúniorBrazil
73%
2018/1947Mauro JúniorBrazil
73%
2021/2217Mauro JúniorBrazil
73%
2016/17ManagerPhillip CocuNetherlands
73%
2015/16ManagerPhillip CocuNetherlands
73%
2013/14ManagerPhillip CocuNetherlands
73%
2017/18ManagerPhillip CocuNetherlands
73%
2018/1915Armando ObispoNetherlands
71%
2020/2124Armando ObispoNetherlands
71%
2021/224Armando ObispoNetherlands
71%
2017/1850Armando ObispoNetherlands
71%
2018/1911Hirving LozanoMexico
69%
2017/1811Hirving LozanoMexico
69%
2021/2216Joël DrommelNetherlands
69%
2021/2229Phillipp MweneAustria
69%
2021/2237Richard LedezmaUnited States
69%
2020/2137Richard LedezmaUnited States
69%
2021/2230Ryan ThomasNew-Zealand
69%
2018/1930Ryan ThomasNew-Zealand
69%
2020/2130Ryan ThomasNew-Zealand
69%
2019/2030Ryan ThomasNew-Zealand
69%
2021/2232Yorbe VertessenBelgium
69%
2020/2153Yorbe VertessenBelgium
69%
2019/206Daniel SchwaabGermany
67%
2016/175Daniel SchwaabGermany
67%
2018/195Daniel SchwaabGermany
67%
2017/185Daniel SchwaabGermany
67%
2018/19ManagerMark van BommelNetherlands
67%
2012/136Mark van BommelNetherlands
67%
2019/20ManagerMark van BommelNetherlands
67%
2018/1910Maximiliano RomeroArgentina
67%
2017/1822Maximiliano RomeroArgentina
67%
2021/2220Maximiliano RomeroArgentina
67%
2020/2120Maximiliano RomeroArgentina
67%
2021/2238Yvon MvogoSwitzerland
67%
2020/2138Yvon MvogoSwitzerland
67%
2016/176Davy PröpperNetherlands
65%
2021/2214Davy PröpperNetherlands
65%
2015/166Davy PröpperNetherlands
65%
2017/186Davy PröpperNetherlands
65%
2017/187Gastón PereiroUruguay
65%
2015/167Gastón PereiroUruguay
65%
2016/177Gastón PereiroUruguay
65%
2018/197Gastón PereiroUruguay
65%
2013/1422Memphis DepayNetherlands
63%
2012/1322Memphis DepayNetherlands
63%
2014/157Memphis DepayNetherlands
63%
2015/164Santiago AriasColombia
63%
2017/184Santiago AriasColombia
63%
2016/174Santiago AriasColombia
63%
2014/154Santiago AriasColombia
63%
2013/1413Santiago AriasColombia
63%
2015/163Héctor MorenoMexico
60%
2016/173Héctor MorenoMexico
60%
2019/209Donyell MalenNetherlands
58%
2018/1914Donyell MalenNetherlands
58%
2020/219Donyell MalenNetherlands
58%
2017/1835Donyell MalenNetherlands
58%
2014/152Nicolas Isimat-MirinFrance
58%
2017/182Nicolas Isimat-MirinFrance
58%
2015/162Nicolas Isimat-MirinFrance
58%
2016/172Nicolas Isimat-MirinFrance
58%
2015/1618Andrés GuardadoMexico
56%
2016/1718Andrés GuardadoMexico
56%
2014/1518Andrés GuardadoMexico
56%
2020/2122Denzel DumfriesNetherlands
56%
2018/1922Denzel DumfriesNetherlands
56%
2019/2022Denzel DumfriesNetherlands
56%
2013/1410Georginio WijnaldumNetherlands
54%
2014/1510Georginio WijnaldumNetherlands
54%
2012/1310Georginio WijnaldumNetherlands
54%
2020/215Timo BaumgartlGermany
54%
2019/205Timo BaumgartlGermany
54%
2020/214Nick ViergeverNetherlands
52%
2019/204Nick ViergeverNetherlands
52%
2018/194Nick ViergeverNetherlands
52%
2015/1627Steven BergwijnNetherlands
52%
2014/1549Steven BergwijnNetherlands
52%
2017/1817Steven BergwijnNetherlands
52%
2018/1917Steven BergwijnNetherlands
52%
2016/1727Steven BergwijnNetherlands
52%
2018/1952Mohamed IhattarenNetherlands
48%
2019/2024Mohamed IhattarenNetherlands
48%
2020/2110Mohamed IhattarenNetherlands
48%
2018/1918Pablo RosarioNetherlands
48%
2019/2018Pablo RosarioNetherlands
48%
2020/2118Pablo RosarioNetherlands
48%
2017/1818Pablo RosarioNetherlands
48%
2018/196AngeliñoSpain
46%
2018/1932Michal SadilekCzech Republic
46%
2019/2032Michal SadilekCzech Republic
46%
2012/137Ola ToivonenSweden
46%
2013/141Przemyslaw TytonPoland
44%
2012/131Przemyslaw TytonPoland
44%
2016/1715Jetro WillemsNetherlands
40%
2015/1615Jetro WillemsNetherlands
40%
2014/1515Jetro WillemsNetherlands
40%
2013/1415Jetro WillemsNetherlands
40%
2012/1315Jetro WillemsNetherlands
40%
2013/1429Jorrit HendrixNetherlands
40%
2015/1629Jorrit HendrixNetherlands
40%
2014/1529Jorrit HendrixNetherlands
40%
2016/178Jorrit HendrixNetherlands
40%
2019/208Jorrit HendrixNetherlands
40%
2017/188Jorrit HendrixNetherlands
40%
2018/198Jorrit HendrixNetherlands
40%
2016/1719Jürgen LocadiaNetherlands
40%
2015/1619Jürgen LocadiaNetherlands
40%
2017/1819Jürgen LocadiaNetherlands
40%
2014/1517Jürgen LocadiaNetherlands
40%
2013/1411Jürgen LocadiaNetherlands
40%
2012/1319Jürgen LocadiaNetherlands
40%
2014/153Karim RekikNetherlands
40%
2019/2013Lars UnnerstallGermany
40%
2020/2113Lars UnnerstallGermany
40%
2015/1611Luciano NarsinghNetherlands
40%
2014/1511Luciano NarsinghNetherlands
40%
2013/1417Luciano NarsinghNetherlands
40%
2016/1711Luciano NarsinghNetherlands
40%
2012/1317Luciano NarsinghNetherlands
40%
2012/1314Dries MertensBelgium
38%
2020/2121Maxime DelangheBelgium
38%
2021/2221Maxime DelangheBelgium
38%
2015/1616Maxime LestienneBelgium
38%
2016/1725Oleksandr ZinchenkoUkraine
38%
2018/1916Dante RigoBelgium
35%
2017/1816Dante RigoBelgium
35%
2021/2234Dante RigoBelgium
35%
2012/13ManagerDick AdvocaatNetherlands
35%
2013/1433Ji Sung ParkSouth Korea
35%
2013/1426Joshua BrenetNetherlands
35%
2012/1337Joshua BrenetNetherlands
35%
2016/1720Joshua BrenetNetherlands
35%
2014/1520Joshua BrenetNetherlands
35%
2015/1620Joshua BrenetNetherlands
35%
2017/1820Joshua BrenetNetherlands
35%
2019/2011Konstantinos MitroglouGreece
35%
2021/2213Vincet MüllerGermany
35%
2020/2116Vincet MüllerGermany
35%
2013/148Stijn SchaarsNetherlands
33%
2015/168Stijn SchaarsNetherlands
33%
2014/158Stijn SchaarsNetherlands
33%
2018/1920Trent SainsburyAustralia
33%
2020/2111Adrian FeinGermany
31%
2012/1313Atiba HutchinsonCanada
31%
2018/193Aziz BehichAustralia
31%
2014/156Adam MaherNetherlands
29%
2015/1610Adam MaherNetherlands
29%
2017/1825Adam MaherNetherlands
29%
2013/146Adam MaherNetherlands
29%
2014/1527Oscar HiljemarkSweden
29%
2012/1327Oscar HiljemarkSweden
29%
2013/1427Oscar HiljemarkSweden
29%
2012/139Tim MatavzSlovenia
29%
2013/149Tim MatavzSlovenia
29%
2017/1813Eloy RoomCuraçao
25%
2018/1913Eloy RoomCuraçao
25%
2013/1414Florian JozefzoonSuriname
25%
2014/1514Florian JozefzoonSuriname
25%
2016/1717Florian JozefzoonSuriname
25%
2015/1617Florian JozefzoonSuriname
25%
2012/138Kevin StrootmanNetherlands
25%
2019/2068Ricardo RodríguezSwitzerland
25%
2013/1423Stanislav ManolevBulgaria
25%
2017/1829Albert GudmundssonIceland
23%
2016/1723Bart RamselaarNetherlands
23%
2017/1823Bart RamselaarNetherlands
23%
2018/1923Bart RamselaarNetherlands
23%
2017/183Derrick LuckassenNetherlands
23%
2019/2017Ibrahim AfellayNetherlands
23%
2014/1522Remko PasveerNetherlands
23%
2015/1622Remko PasveerNetherlands
23%
2016/1722Remko PasveerNetherlands
23%
2013/1419Zakaria BakkaliBelgium
23%
2012/1333Zakaria BakkaliBelgium
23%
2012/1311Jeremain LensNetherlands
21%
2019/2014Sam LammersNetherlands
21%
2017/1814Sam LammersNetherlands
21%
2016/1714Simon PoulsenDenmark
21%
2015/1614Simon PoulsenDenmark
21%
2012/133Wilfred BoumaNetherlands
21%
2012/1321Boy WatermanNetherlands
19%
2012/1316Orlando EngelaarNetherlands
19%
2020/2129Joël PiroeNetherlands
17%
2013/142Mathias JørgensenDenmark
17%
2012/132Mathias JørgensenDenmark
17%
2012/1318Timothy DerijckBelgium
17%
2012/135Erik PietersNetherlands
15%
2016/1732Kenneth PaalNetherlands
15%
2017/1832Kenneth PaalNetherlands
15%
2015/1632Kenneth PaalNetherlands
15%
2012/134MarceloBrazil
15%
2019/2031Yanick van OschNetherlands
15%
2017/1831Yanick van OschNetherlands
15%
2018/1931Yanick van OschNetherlands
15%
2016/1721Luuk KoopmansNetherlands
13%
2015/1621Luuk KoopmansNetherlands
13%
2017/1821Luuk KoopmansNetherlands
13%
2014/1528Abel TamataCongo
10%
2013/1428Abel TamataCongo
10%
2014/1524Marcel RitzmaierAustria
10%
2012/1324Marcel RitzmaierAustria
10%
2015/1625Menno KochNetherlands
10%
2012/1325Menno KochNetherlands
10%
2016/1729Menno KochNetherlands
10%
2013/1425Menno KochNetherlands
10%
2013/1447Rai VloetNetherlands
10%
2016/1723Rai VloetNetherlands
10%
2014/1523Rai VloetNetherlands
10%
2014/1548Suently AlbertoCuraçao
10%
2015/1648Suently AlbertoCuraçao
10%
2012/1326Jagos VukovicSerbia
8%
2018/1929Matthias VerrethBelgium
8%
2013/1420Peter van OoijenNetherlands
8%
2012/1320Peter van OoijenNetherlands
8%
2017/1824Ramon Pascal LundqvistSweden
8%
2013/1451Benjamin van LeerNetherlands
6%
2016/1730Jordy de WijsNetherlands
6%
2015/1630Jordy de WijsNetherlands
6%
2017/1830Jordy de WijsNetherlands
6%
2014/1530Jordy de WijsNetherlands
6%
2019/2021Robbin RuiterNetherlands
6%
2014/1532Aleksandar BoljevicMontenegro
4%
2016/1731Hidde JurjusNetherlands
4%
2017/1841Mike van de MeulenhofNetherlands
4%
2013/1431Nigel BertramsNetherlands
4%
2014/1531Nigel BertramsNetherlands
4%
2014/1526Clint LeemansNetherlands
2%
2012/1335Rik SchouwNetherlands
2%

Score Distribution

Percentile by Number Answered

Percent of People with Each Score

Your Score History

You have not taken this quiz